| 000 | 00868cab a2200289 4500 | ||
|---|---|---|---|
| 001 | ABS53603 | ||
| 008 | 090401t1995 xxu||||| |||| 00| 0 eng d | ||
| 035 | _a(Sirsi) u5294 | ||
| 041 | _aeng | ||
| 100 | _aExton, J. | ||
| 245 | _aBusiness tenancies update | ||
| 260 | _c1995 | ||
| 350 | _a0 | ||
| 490 |
_aSolicitors` Journal _v139(34) 8 September 1995, 871-872(2) |
||
| 520 | _aDiscusses the main provisions of the Landlord and Tenant (Covenants) Act 1995 and the implications for business tenants and their landlords. | ||
| 650 | _aASSIGNEES | ||
| 650 | _aCONSENT TO ASSIGNMENT | ||
| 650 | _aGUARANTORS | ||
| 650 | _aLANDLORD AND TENANT (COVENANTS) ACT 1995 | ||
| 650 | _aLEASES | ||
| 650 | _aPRIVITY | ||
| 650 | _aREPAIR | ||
| 650 | _aSECURITY OF TENURE | ||
| 690 | _aLANDLORD AND TENANT-BUSINESS TENANCIES | ||
| 942 | _n0 | ||
| 948 | _c04/03/1997 | ||
| 999 |
_c3153 _d3153 |
||